[Event "Teplice Open 2018"]
[Site "Teplice"]
[Date "2018.06.18"]
[Round "3"]
[White "Veinberg, Nimrod"]
[Black "Repka, Christopher"]
[Result "1/2-1/2"]
[WhiteElo "2390"]
[BlackElo "2534"]
[Annotator "TA"]
[PlyCount "60"]
[EventDate "2018.06.16"]
[EventType "swiss"]
[EventCountry "CZE"]
[SourceTitle "playchess.com"]
[Source "ChessBase"]
[SourceQuality "1"]

{[%evp 27,60,21,19,18,99,-27,-20,-39,-44,-88,-95,-119,-131,-123,-130,-131,-122,-119,-119,-130,-119,-120,-88,-84,-45,-49,-37,-50,-13,-13,-12,-14,-16,-12,-7]} 1. d4 Nf6 2. c4 e6 3. g3 c5 4. Nf3 cxd4 5. Nxd4 d5 6. Bg2 e5 7. Nf3 d4 8. O-O Nc6 9. e3 Be7 10. exd4 exd4 11. Bf4 O-O 12. Ne5 Qb6 13. Re1 {E01: Catalan: Early deviations} Be6 14. Nd2 Rac8 {LiveBook: 13 Games} 15. a3 Qxb2 (15... Nxe5 $11 16. Rxe5 Qxb2) 16. Rb1 ({White should try} 16. Bxc6 $16 Rxc6 17. Nxc6 bxc6 18. Nf3) 16... Qxa3 $11 17. Rxb7 Nxe5 18. Nb1 Qd3 19. Rxe7 Qxd1 20. Rxd1 Ng6 21. Rxa7 Nxf4 ({Don't do} 21... Rxc4 22. Bg5 $15) 22. gxf4 Rxc4 23. Na3 Rc5 24. Bf1 Rd8 {aiming for ...Nh5.} 25. Nb5 Nh5 26. Rxd4 Rxd4 27. Nxd4 Nxf4 {And now ...Rg5+ would win.} 28. Ra8+ {The position is equal.} Rc8 $1 {[%cal Rc8a8]} 29. Nxe6 {[%cal Ra8c8] [#]} Rxa8 30. Nxf4 Ra1 {Precision: White = 56%, Black = 43%.} 1/2-1/2

[Event "Teplice Open 2018"]
[Site "Teplice"]
[Date "2018.06.18"]
[Round "3"]
[White "Goluch, Piotr"]
[Black "Movsziszian, Karen"]
[Result "0-1"]
[WhiteElo "2353"]
[BlackElo "2527"]
[Annotator "TA"]
[PlyCount "98"]
[EventDate "2018.06.16"]
[EventType "swiss"]
[EventCountry "CZE"]
[SourceTitle "playchess.com"]
[Source "ChessBase"]
[SourceQuality "1"]

{[%evp 12,98,0,0,0,0,0,-63,-22,-96,-86,-130,-120,-131,-81,-76,-78,-70,-78,-135,-125,-139,-135,-128,-128,-174,-127,-183,-183,-204,-199,-197,-202,-231,-228,-259,-68,-81,-67,-120,-67,-88,-57,-58,-69,-152,-149,-305,-283,-606,-579,-511,-287,-287,-287,-287,-294,-635,-609,-656,-637,-600,-600,-688,-671,-698,-671,-841,-824,-1220,-1226,-1185,-1129,-1253,-1217,-1539,-1531,-1379,-1334,-5302,-1674,-29984,-29985,-29985,-29986,-29986,-29987,-29987,-29988]} 1. d4 d6 2. Nf3 g6 3. c4 f5 4. Nc3 Nf6 5. Bg5 Nbd7 6. h4 {A85: Holländische Verteidigung} Bg7 7. Qc2 {LiveBook: 4 Partien} O-O 8. e3 {Die Stellung ist ausgeglichen.} c6 9. d5 (9. O-O-O $11) 9... Nc5 10. Nd4 (10. Bxf6 $11 {hält das Gleichgewicht.} Bxf6 11. h5) 10... Nfe4 $17 11. Nxe4 Nxe4 12. Bd3 Nxg5 13. hxg5 e5 14. dxe6 Qxg5 {...f4 ist eine echte Drohung.} 15. Nf3 (15. f4 $142 Qe7 16. Kf2) 15... Qf6 ({Nicht} 15... Qxg2 $2 16. Ke2 $18) 16. e7 Re8 17. O-O-O Rxe7 18. Kb1 Be6 19. Nd4 {[#]} (19. Rd2 $17 {war nötig.}) 19... Bf7 $1 $19 20. g3 a6 21. Rh4 c5 22. Ne2 {[#]} b5 $1 {[%mdl 512]} 23. Nc3 (23. cxb5 axb5) 23... bxc4 $2 (23... b4 $19 24. Ne2 a5) 24. Bxc4 $15 Rb8 25. Na4 ({Besser ist} 25. Kc1 $15) 25... h5 (25... g5 $17 26. Bxf7+ Qxf7) 26. Rd2 Kh7 {zielt auf ...g5 ab.} 27. Bxf7 Rxf7 28. a3 ({Günstiger ist} 28. Qd3 $15) 28... Rfb7 $17 29. Rc4 $2 (29. Qd3 $17 {kämpft weiter.}) 29... Qe6 30. Qc1 $2 (30. Rh4) 30... Rb3 $19 31. Ka2 {[#]} Bc3 $1 {[%mdl 512]} 32. Nxc3 {Droht Sd5 und aus.} Qxc4 33. Ka1 {[#]} d5 $1 34. Rxd5 $2 (34. Rc2) (34. Nxd5 Qxc1+) 34... Rxb2 {( -> ...Db3)} 35. Qxb2 Rxb2 36. Kxb2 {[%mdl 4096] Endspiel KD-KTS} Qf1 37. Rd2 g5 38. e4 Kg6 39. e5 Kf7 40. Rd6 Qxf2+ 41. Kb3 Qxg3 42. Rf6+ Ke7 43. Rxf5 Ke6 44. Rf6+ Kxe5 45. Rxa6 h4 (45... Kd4 $142 46. Ra4+ Kd3) 46. Rc6 Kd4 {Schwarz setzt Matt.} 47. Rd6+ Qxd6 48. Nb5+ Kd5 49. Nxd6 Kxd6 {Precision: Weiß = 20%, Schwarz = 63%.} 0-1

[Event "Teplice Open 2018"]
[Site "Teplice"]
[Date "2018.06.18"]
[Round "3"]
[White "Krykun, Yuriy"]
[Black "Jarmula, Lukasz"]
[Result "0-1"]
[WhiteElo "2338"]
[BlackElo "2499"]
[Annotator "TA"]
[PlyCount "90"]
[EventDate "2018.06.16"]
[EventType "swiss"]
[EventCountry "CZE"]
[SourceTitle "playchess.com"]
[Source "ChessBase"]
[SourceQuality "1"]

{[%evp 27,90,0,0,-17,-10,-16,-16,-16,-13,-15,-14,-12,-16,-26,0,-122,-106,-116,-113,-114,-111,-164,-177,-181,-182,-172,-135,-129,-131,-119,-129,-142,-143,-141,-137,-157,-140,-162,-162,-233,-209,-263,-251,-236,-237,-251,-266,-643,-683,-1625,-1365,-1108,-1068,-12840,-12840,-12841,-12839,-12841,-12841,-12842,-12842,-12847,-12847,-12848,-12846]} 1. Nf3 c5 2. c4 Nc6 3. d4 cxd4 4. Nxd4 Nf6 5. Nc3 e6 6. Ndb5 d5 7. Bf4 e5 8. cxd5 exf4 9. dxc6 bxc6 10. Qxd8+ Kxd8 11. Rd1+ Bd7 12. Nd6 Kc7 13. Nxf7 Rg8 14. g3 {A33: Symmetrical English: 2 Nf3 Nf6 3 d4 cxd4 4 Nxd4 e6 5 Nc3 Nc6} Rb8 {LiveBook: 6 Games} 15. Bg2 Rxb2 16. O-O {The position is equal.} fxg3 17. hxg3 Bb4 18. Rc1 $1 Bxc3 19. Rxc3 Rxe2 20. Rfc1 {[%cal Rg2c6]} Rge8 $36 {[%mdl 2048] Black has some pressure.} 21. f4 (21. Kf1 $1 $11 Ne4 22. Rxc6+ $1 {[%mdl 512]} Bxc6 23. Kxe2) 21... Re1+ $1 $17 (21... Rxa2 $2 22. Bxc6 Bxc6 23. Rxc6+ Kd7 24. Rc7+ Ke6 25. Re1+ Kd5 26. Rd1+ Ke6 27. Nd6 $18) 22. Rxe1 Rxe1+ 23. Kf2 Ra1 $1 24. a3 (24. Ne5 $17) 24... Ng4+ $1 $19 25. Ke2 Ra2+ 26. Kf1 {[#]} Rc2 $1 {[%mdl 512]} 27. Rxc2 Ne3+ 28. Ke2 Nxc2 $17 {[%mdl 4096] Endgame KBN-KBN} 29. Be4 Nxa3 30. Bxh7 a5 {[%cal Ba7a5,Ba5a4,Ba4a3][%mdl 32]} 31. Kd2 a4 32. Ne5 {[#]} Be6 $1 33. Bd3 {[#]} (33. Be4 {might work better.}) 33... Nb5 $1 $19 34. f5 a3 {...a2 is the strong threat.} 35. Kc1 ({Not} 35. fxe6 $2 a2 $19) 35... Bd5 36. Kb1 Kd6 37. Nc4+ $2 (37. Ng4) 37... Kc5 {Black is clearly winning.} 38. Ne3 Nc3+ 39. Ka1 Kd4 40. Nxd5 cxd5 {[%cal Bc6d5,Bd5d4][%mdl 32] KB-KN} 41. Ba6 Ke5 42. g4 Kf4 43. Bc8 d4 44. f6 gxf6 45. Bf5 Kg5 {Precision: White = 35%, Black = 89%.} 0-1

[Event "Teplice Open 2018"]
[Site "Teplice"]
[Date "2018.06.19"]
[Round "4"]
[White "Rodshtein, Maxim"]
[Black "Iniyan, P."]
[Result "1/2-1/2"]
[WhiteElo "2688"]
[BlackElo "2460"]
[Annotator "TA"]
[PlyCount "74"]
[EventDate "2018.06.16"]
[EventType "swiss"]
[EventCountry "CZE"]
[SourceTitle "playchess.com"]
[Source "ChessBase"]
[SourceQuality "1"]

{[%evp 23,74,42,72,23,33,16,36,28,25,26,26,0,0,0,0,0,39,60,86,91,75,84,82,84,85,86,141,137,136,147,119,0,0,0,0,0,0,0,548,541,541,541,491,482,365,0,0,-20,-20,-26,-18,-24,0]} 1. d4 Nf6 2. c4 g6 3. Nc3 Bg7 4. e4 d6 5. h3 O-O 6. Be3 e5 7. d5 Na6 8. Nf3 Nh5 9. g3 {E90: Königsindisch (Klassisches System)} f5 10. exf5 gxf5 11. Ng5 Nf6 (11... Qe8 12. Be2 Nf6 13. Rg1 Kh8 14. Qd2 Nc5 15. g4 Na4 16. Nxa4 Qxa4 17. gxf5 Bxf5 {½-½ (69) Firouzja,A (2570)-Guseinov,G (2654) Nakhchivan 2018}) 12. Qd2 Nc5 {LiveBook: 4 Partien} 13. O-O-O {[%cal Ba1d1,Bd1d5,Bd5b5,Bb5b7,Bb7g7][%mdl 32]} (13. b4 $5 {[%cal Rb4c5]} Nfe4 14. Ncxe4 Nxe4 15. Nxe4 fxe4 16. Bg2 $14) 13... h6 14. Nf3 Nfe4 15. Nxe4 Nxe4 16. Qc2 $146 c6 17. g4 (17. Nd2 $5 {[%cal Rd2e4]}) 17... cxd5 18. Rxd5 Be6 19. Rb5 Bd7 20. Rxb7 {Droht stark Tg1.} Bc6 21. Rxg7+ $1 Kxg7 22. gxf5 {Tg1+ ist eine echte Drohung.} Qa5 23. Rg1+ Kh8 24. Bd3 Nc5 ({Günstiger ist} 24... Nf6 25. Nh4 Rg8) 25. Bxc5 $1 $16 Qxc5 26. Qd2 $36 {[%cal Rd2h6][%mdl 2048] Weiss hat starke Initiative.} Rf6 27. Ng5 (27. Nh2 $16) 27... e4 $1 $11 {[%cal Re4d3]} (27... Rg8 $2 28. Nf7+ $1 {[%mdl 512]} Kh7 29. Rg6 $18) 28. Nxe4 Bxe4 29. Bxe4 Qxc4+ 30. Bc2 Qxa2 $2 {[%mdl 8192] [#]} (30... Re8 $11 {und Schwarz ist OK.}) 31. Qc3 $1 $18 {[%cal Rc3f6]} Qa1+ {[#]} 32. Bb1 $1 Raf8 33. Rg6 Qa6 34. Kd2 $2 ({Schlechter ist} 34. Rxf6 Qf1+ 35. Kd2 (35. Kc2 Qxf2+ 36. Kb3 Qb6+ 37. Kc2 Qf2+ 38. Kb3 Qb6+ 39. Ka4 Qa6+ 40. Kb3 Qb5+ 41. Ka3 Qa6+ 42. Kb3 Qb5+ 43. Ka3 Qa6+ 44. Kb3 $11) 35... Qxf2+ 36. Kd1 Qf1+ 37. Kd2 Qf2+ 38. Kd1 Qf1+ 39. Kd2 Qg2+ 40. Ke1 Qg1+ 41. Ke2 Qg2+ 42. Ke1 (42. Kd1 Qf1+ $11) 42... Qg1+ 43. Ke2 Qh2+ 44. Kf1 (44. Kd1 Qg1+ 45. Ke2 $11) 44... Qh1+ 45. Kf2 Qh2+ 46. Kf3 Qxh3+ 47. Ke2 Qg2+ 48. Ke1 (48. Kd1 Qf1+ 49. Kc2 Qg2+ 50. Kb3 Qb7+ 51. Kc2 Qg2+ 52. Kb3 Qb7+ 53. Kc2 Qg2+ $11) 48... Qg1+ 49. Ke2 Qg2+ 50. Kd1 Qf1+ 51. Kd2 Qf2+ 52. Kd1 Qf1+ 53. Kd2 Qg2+ 54. Ke1 Qh1+ 55. Kd2 Qg2+ 56. Ke1 $11) (34. Rxh6+ $18 Kg7 35. Rg6+ Kh7 36. Qd4 (36. Rxf6 Qf1+ 37. Kc2 Qxf2+ 38. Kb3 Qb6+ 39. Kc2 Qf2+ 40. Kb3 Qb6+ 41. Kc2 Qf2+ $11) 36... Rxg6 37. fxg6+ Kg8 38. Bd3 Rc8+ 39. Kb1) 34... Qb6 $1 $11 {[%cal Rb6f2]} 35. Ke1 Qc5 {Und ...Dxc3+ würde nun gewinnen.} 36. Rxh6+ $1 Kg7 37. Rg6+ Kh8 {Precision: Weiß = 60%, Schwarz = 70%.} 1/2-1/2

[Event "Teplice Open 2018"]
[Site "Teplice"]
[Date "2018.06.19"]
[Round "4"]
[White "Movsesian, Sergei"]
[Black "Jurcik, Marian"]
[Result "1-0"]
[WhiteElo "2633"]
[BlackElo "2443"]
[Annotator "TA"]
[PlyCount "77"]
[EventDate "2018.06.16"]
[EventType "swiss"]
[EventCountry "CZE"]
[SourceTitle "playchess.com"]
[Source "ChessBase"]
[SourceQuality "1"]

{[%evp 17,77,29,58,11,22,8,16,24,27,29,31,-22,-25,-15,-6,-30,0,1,0,0,0,0,0,0,33,33,29,13,32,38,78,54,82,71,79,64,77,67,82,56,108,101,101,101,163,127,135,118,221,218,229,219,332,307,399,393,497,497,388,388,409,388]} 1. e4 c5 2. Nc3 e6 3. Nf3 Nc6 4. d4 cxd4 5. Nxd4 Qc7 6. Be3 a6 7. Qf3 {B48: Sicilian: Taimanov: 5 Nc3 Qc7 6 Be3 a6 without Be2} d6 (7... Nf6 8. O-O-O Ne5 9. Qg3 b5 10. a3 Bb7 11. Bxb5 Rc8 12. Ba4 Nxe4 13. Nxe4 Bxe4 14. Bf4 Qc4 15. Bxe5 Qxa4 {1-0 (38) Vachier Lagrave,M (2789)-Anand,V (2776) Karlsruhe/Baden-Baden 2018}) 8. Nxc6 bxc6 9. Qg3 Nf6 {LiveBook: 6 Games} 10. Bd3 Rb8 $146 ({Predecessor:} 10... h5 11. f4 d5 12. exd5 cxd5 13. Bd4 Bb7 14. Ne2 h4 {1-0 (41) Kizatbay,A (2127)-Skotheim,A (2072) Fagernes 2018}) 11. Rb1 Be7 12. O-O O-O 13. Bh6 {[%csl Gh6][%cal Rg3g7]} Ne8 14. f4 ({Better is} 14. b3 $14) 14... d5 $11 {Strongly threatening ...f6.} 15. Bg5 Bxg5 16. Qxg5 f6 17. Qh4 f5 18. exf5 exf5 19. Qf2 Nf6 20. Qc5 Re8 21. b4 g6 22. a3 Bb7 23. Qd4 Qd6 24. Rbe1 Rbd8 25. Na4 Ne4 26. Nc5 Bc8 27. c4 Re7 28. Bc2 Kf7 {[#]} (28... Be6 $14) 29. cxd5 $1 $16 ({Of course not} 29. Bxe4 $6 dxe4 30. Qxd6 Rxd6 $11) 29... cxd5 30. Bb3 Be6 (30... Qb6 $16) 31. Rd1 Nxc5 32. bxc5 Qc6 (32... Qd7 $16) 33. Rfe1 $18 Rc7 {[#]} 34. Rc1 $1 {[%cal Bd1c1,Bc1c3,Bc3e3,Be3e5][%mdl 32] Black must now prevent Ba4.} Rb7 (34... Qd7 $142 35. Re2 Kg8) 35. Rc3 ({Resist} 35. Ba4 $6 Qc8 $18) 35... a5 36. Rce3 Re7 37. h3 ({Less strong is} 37. Ba4 Qc7 $18) 37... h5 38. Kh2 h4 39. Re5 {Precision: White = 78%, Black = 42%.} 1-0

[Event "Teplice Open 2018"]
[Site "Teplice"]
[Date "2018.06.19"]
[Round "4"]
[White "Erdos, Viktor"]
[Black "Ikeda, Junta"]
[Result "1/2-1/2"]
[WhiteElo "2620"]
[BlackElo "2420"]
[Annotator "TA"]
[PlyCount "66"]
[EventDate "2018.06.16"]
[EventType "swiss"]
[EventCountry "CZE"]
[SourceTitle "playchess.com"]
[Source "ChessBase"]
[SourceQuality "1"]

{[%evp 10,66,56,28,40,9,29,14,30,13,11,-21,-34,-32,-22,-24,-15,-31,-29,-32,-35,-42,-40,-37,-47,-49,-45,-56,-48,-67,-64,-72,-64,-75,-25,-88,-47,-46,-47,-39,-12,-41,-25,-24,-25,-31,-31,-51,-51,-70,-35,-53,0,-58,0,-58,0,-58,0]} 1. Nf3 f5 2. d3 {[%cal Bd2d3,Bd3d4][%mdl 32]} Nf6 3. e4 d6 4. exf5 (4. Nc3 Nc6 5. exf5 Bxf5 6. d4 Nb4 7. Bb5+ c6 8. Ba4 g6 9. O-O Bg7 10. Ne2 O-O 11. Ng3 Bd7 {1-0 (37) Ding,L (2777)-Zhang,Z (2634) China 2016}) 4... Bxf5 5. d4 Qd7 6. Bd3 {LiveBook: 3 Partien. A04: Holländisches System ohne Übergang in andere Systeme} Nc6 7. Bxf5 Qxf5 8. O-O {Weiß hat minimalen Vorteil.} e5 9. Nc3 $146 {[%cal Bb1c3,Bc3b5,Bb5c7][%mdl 32]} ({Vorgänger:} 9. c4 e4 10. Nh4 Qd7 11. Nc3 O-O-O {1-0 (37) Grigoryan,K (2555)-Srijit,P (2247) Barcelona 2017}) 9... Be7 10. Nb5 e4 11. Nxc7+ Kd7 12. Nh4 Qh5 13. Qxh5 Nxh5 14. Nxa8 {[#] Sf5 ist eine echte Drohung.} Bxh4 15. c3 Rxa8 16. f3 Re8 $36 {[%mdl 2048] Droht ...e3 und aus. Schwarz kämpft um Vorteil.} 17. Be3 d5 18. fxe4 Rxe4 19. Rf3 Be7 20. Re1 Nf6 21. Kf1 b5 22. h3 (22. Bg5 $11) 22... a5 (22... Re6 {is interesting.} 23. Ke2 Na5 24. Kd3 Nc4 25. b3 Nd6) 23. Bg5 Rxe1+ 24. Kxe1 Ke6 25. Kd1 h6 26. Bxf6 Bxf6 27. Re3+ Kd7 28. Kc2 a4 29. Re1 Na5 30. Kd3 Nc6 (30... b4 $5) 31. Kc2 Na5 32. Kd3 Nc6 (32... b4 $5) 33. Kc2 Na5 {Precision: Weiß = 56%, Schwarz = 40%.} (33... b4 $15) 1/2-1/2

[Event "Teplice Open 2018"]
[Site "Teplice"]
[Date "2018.06.19"]
[Round "4"]
[White "Turov, Maxim"]
[Black "Veinberg, Nimrod"]
[Result "1/2-1/2"]
[WhiteElo "2600"]
[BlackElo "2390"]
[Annotator "TA"]
[PlyCount "222"]
[EventDate "2018.06.16"]
[EventType "swiss"]
[EventCountry "CZE"]
[SourceTitle "playchess.com"]
[Source "ChessBase"]
[SourceQuality "1"]

{[%evp 26,222,0,-14,0,-10,0,0,0,0,47,33,26,20,18,31,37,18,19,18,19,19,20,20,22,16,27,10,10,9,10,12,12,10,65,67,68,67,84,95,93,105,122,117,172,171,151,154,150,141,142,87,93,78,104,8,32,0,104,91,79,75,75,0,10,12,54,0,0,0,0,0,0,0,0,0,0,0,0,0,0,0,0,0,0,0,0,0,0,0,0,0,66,0,0,0,0,0,0,0,0,0,0,0,0,0,26,26,26,26,26,26,66,66,66,66,66,20,20,20,27,20,20,20,20,20,20,20,20,0,20,0,20,0,20,20,20,20,20,20,20,20,20,20,20,20,20,20,20,20,20,20,20,20,20,20,20,20,20,20,20,20,20,20,20,20,20,20,20,20,20,20,20,20,20,20,20,20,20,20,20,20,20,20,20,20,20,20,20,20,20,20,20,0,20,20,20,27,27]} 1. d4 Nf6 2. c4 e6 3. Nf3 c5 4. e3 d5 5. Nc3 cxd4 6. exd4 Bb4 7. Bd3 dxc4 8. Bxc4 O-O 9. O-O b6 10. Bg5 Bb7 11. Rc1 h6 12. Bh4 Nc6 13. a3 Be7 14. Ba2 {LiveBook: 3 Games. E57: Nimzo-Indian: Rubinstein: Main Line: 7...Nc6 8 a3 dxc4 9 Bxc4 cxd4} Rc8 15. Re1 Nh5 16. Bg3 {The position is equal.} Nxg3 17. hxg3 {[#]} Re8 $146 ({Predecessor:} 17... Bf6 18. d5 exd5 19. Nxd5 Bxb2 20. Rc2 Bxa3 21. Rd2 Bc5 22. Nc3 {0-1 (32) Flores,D (2614)-Shankland,S (2717) Montevideo 2018}) 18. d5 exd5 19. Bxd5 {And now Qb3 would win.} Bf6 20. Ne4 Kf8 ({Not} 20... Bxb2 $2 21. Bxf7+ $1 {[%mdl 512]} Kf8 22. Bxe8 $18) 21. Rc2 {Rd2 is the strong threat.} Nd4 22. Rxc8 Nxf3+ 23. gxf3 Qxc8 24. Bxb7 Qxb7 25. Qa4 {Hoping for Qxe8+!} b5 26. Qb3 Be7 27. Rd1 $40 {[%mdl 128] Black needs to defend precisely.} Rd8 28. Rxd8+ Bxd8 29. Nd6 Qd7 (29... Qe7 $11 30. Nxb5 Bb6) 30. Nxb5 $14 Bb6 31. Qb4+ Kg8 32. Nd6 Qe7 33. Qd2 Qe5 {Strongly threatening ...Qxg3+.} 34. Kg2 Bd4 {[#]} (34... Qd4 $16 {keeps fighting.} 35. Qxd4 Bxd4) 35. Nc4 $1 $18 {[%cal Rc4e5]} Qc5 36. b3 h5 37. Qe2 g6 38. f4 (38. b4 $142 Qb5 39. Qd3) 38... Kg7 39. Qf3 Qf5 40. Nd6 (40. Ne3 $16 Qd3 41. Nc4 Qxf3+ 42. Kxf3) 40... Qc5 $11 41. Nc4 (41. Ne8+ $14 Kf8 42. Qa8) 41... Qf5 $1 $16 42. a4 Qc2 43. Ne5 Bb6 44. f5 (44. a5 $16 Bxa5 45. Qd5) 44... gxf5 $11 45. b4 Bd4 {[#]} (45... Bc7 $5 {[%cal Rc7e5]} 46. Qd5 Bxe5 47. Qxe5+ Kg6 $14) 46. Nd3 (46. Nxf7 $1 $14 {[%mdl 512]} Kxf7 47. Qd5+ Kg6 48. Qxd4) 46... Qxa4 47. Qd5 Bb6 48. Qe5+ Kg8 49. Qxf5 Qc6+ 50. Kh2 Qg6 51. Qd5 Qg4 52. f3 Qc8 53. Nf4 Qc2+ 54. Kh3 Qc8+ 55. Kh2 ({Don't do} 55. Kh4 Bd8+ 56. Kxh5 Be7 $14) 55... Qc2+ 56. Kh3 Qc8+ 57. Kh4 Bd8+ 58. Kxh5 Bf6 (58... Be7 $11) 59. Kh6 (59. Qe4 $14) 59... Qf8+ 60. Kh5 Qg7 61. Qa8+ Kh7 $1 {[%csl Gf6][%cal Rg7g5]} 62. Qe4+ Kg8 {[%csl Gf6][%cal Rg7g5]} 63. Qa8+ Kh7 $1 {[%csl Gf6][%cal Rg7g5]} 64. Qe4+ Kg8 {[%csl Gf6][%cal Rg7g5]} 65. Qf5 Bd8 66. Qg4 a5 67. bxa5 Qxg4+ 68. Kxg4 Bxa5 {[%mdl 4096] Endgame KB-KN} 69. Kf5 Bc7 70. g4 {[%cal Bg3g4,Bg4g5][%mdl 32]} Kg7 71. g5 Ba5 72. Nh5+ Kf8 73. f4 Bd2 74. Nf6 Bc1 75. Ne4 Kg7 76. Kg4 Bb2 77. Kf5 Bc1 78. Nf6 Bb2 79. Nd7 Bc1 80. Kg4 {White wants to play f5.} Bb2 81. f5 {[%cal Bf4f5,Bf5f6][%mdl 32]} Bc3 82. f6+ Kg8 83. Kf5 Bb2 84. Ne5 Bc3 85. Nc6 Bb2 86. Ne7+ Kf8 87. Kg4 Ba3 88. Nf5 Bb2 89. Kh5 Bc3 90. Kh6 Bd2 91. Nd6 Bc1 92. Ne4 Kg8 93. Kh5 Bb2 94. Nd6 Bc3 95. Nc4 Bd4 96. Na5 Bc3 97. Nc6 Kh7 98. Ne7 Bb2 99. Kg4 Bc1 100. Kf5 Bb2 101. Kf4 Bc1+ 102. Kg4 {With the idea Kf5.} Bb2 103. Kh5 Bc3 104. Nf5 {aiming for Nh6.} Kg8 $1 105. Kh6 Bd2 106. Ne7+ Kf8 107. Nd5 Bc1 108. Kh5 Bb2 109. Kh6 Bc1 110. Nc3 Kg8 111. Ne4 Bb2 {Precision: White = 67%, Black = 83%.} 1/2-1/2

[Event "Teplice Open 2018"]
[Site "Teplice"]
[Date "2018.06.19"]
[Round "4"]
[White "Movsziszian, Karen"]
[Black "Menezes, Christoph"]
[Result "1/2-1/2"]
[WhiteElo "2527"]
[BlackElo "2404"]
[Annotator "TA"]
[PlyCount "164"]
[EventDate "2018.06.16"]
[EventType "swiss"]
[EventCountry "CZE"]
[SourceTitle "playchess.com"]
[Source "ChessBase"]
[SourceQuality "1"]

{[%evp 14,164,-15,-22,-5,-12,-8,-37,-6,-8,-17,-27,0,0,41,32,70,41,26,15,39,0,2,6,13,-10,17,0,3,14,37,-7,48,18,27,-10,3,0,0,-35,-37,-44,0,0,0,0,0,0,0,0,10,0,41,15,8,23,16,12,22,7,7,7,7,8,8,12,12,16,18,24,226,212,220,15,11,15,15,20,22,14,12,8,19,21,51,50,55,11,10,0,0,0,22,0,0,0,0,0,0,0,0,0,0,0,0,0,0,0,0,0,0,0,0,0,0,0,0,0,0,0,0,0,0,0,0,0,0,0,0,0,0,0,0,0,0,0,0,0,0,0,0,0,0,0,0,0,0,0,0,0,0,0,0]} 1. g3 d5 2. Nf3 g6 3. Bg2 Bg7 4. O-O Nf6 {[%cal Bg8f6,Bf6d5,Bd5b6][%mdl 32]} 5. d3 O-O 6. c3 c5 7. Qa4 Nc6 {A08: King's Indian Attack} 8. e4 {LiveBook: 3 Games} (8. Qa3 b6 9. b4 cxb4 10. cxb4 a5 11. b5 Na7 12. Nc3 d4 13. Nxd4 Qxd4 14. Bxa8 Bh3 15. Bg2 Bxg2 16. Kxg2 {1-0 (37) Movsziszian,K (2485)-Uribe Arteaga,D (2304) Sant Adria de Besos 2017}) 8... e5 $146 ({Predecessor:} 8... Bd7 9. exd5 Nb4 10. Qd1 Nbxd5 11. a4 Qc8 12. Re1 Bh3 13. Bh1 Qf5 14. Ng5 Bh6 15. Nxh3 Bxc1 16. Qxc1 Qxh3 {½-½ (36) Waldmann,H (2290)-Popovics,A (2374) Germany 2017}) 9. exd5 Nxd5 10. Qc4 Nb6 11. Qb5 Bf5 12. Ne1 $1 Rc8 13. Be3 Bd7 (13... Bg4 {is interesting.} 14. Bxc5 Re8 15. Nf3 Bf5 16. Ne1 Bg4) 14. Bxc5 Re8 15. Bxb6 axb6 16. Nd2 Bf8 17. Qb3 Be6 18. Qd1 b5 19. a3 f5 20. Qe2 Qd7 21. Nef3 Rcd8 22. Rfd1 h6 (22... Qxd3 $11 23. Qxd3 Rxd3) 23. Bf1 Bf7 24. h4 Bg7 25. Re1 Bd5 26. Qd1 e4 27. Nh2 exd3 28. Rxe8+ Qxe8 29. Bxd3 Ne5 30. Bf1 Bc6 31. Qe2 Qd7 32. Ndf3 $1 {[%cal Rf3e5]} Re8 {[#] aiming for ...Nxf3+.} (32... Qd5 $5 33. Bg2 $8 Nc4 $11) 33. Qd2 Qxd2 34. Nxd2 Rd8 35. Nb3 Nc4 36. Bxc4+ bxc4 37. Na5 Bd5 38. Rd1 Bf6 {And now ...b6 would win.} 39. Nf1 b5 40. a4 $1 {[%cal Ba3a4,Ba4b5][%mdl 32]} Bf3 41. Ra1 {[#]} Ra8 $2 (41... b4 $1 $11 {[%mdl 512] and Black has nothing to worry.} 42. Nxc4 (42. cxb4 Bxb2) 42... bxc3 43. bxc3 Rd3) 42. axb5 $18 Bd8 43. b4 $2 (43. Nd2 $18) 43... cxb3 $1 $11 44. Nxb3 Rxa1 45. Nxa1 {[%mdl 4096] Endgame c4 is the strong threat. KBB-KNN} Be2 46. Nb3 {Hoping for Nd4.} Bxb5 47. Nd4 Bd3 48. Ne3 Ba5 49. Nd5 {Strongly threatening Nc6.} Be4 $1 {[%cal Re4d5]} 50. Nf6+ (50. c4 {feels hotter.} Kg7 51. Kh2 Kf7 52. Nc6 Bb6 53. f3) 50... Kf7 {The position is equal.} 51. Nxe4 fxe4 {KB-KN} 52. c4 Bb6 53. Nb3 Ke6 54. Kf1 Ke5 55. Ke2 h5 56. c5 Bd8 57. c6 Kd5 58. Ke3 Bb6+ 59. Kf4 Kxc6 60. Nd2 Bxf2 61. Nxe4 Be1 62. Ke5 Ba5 63. Kf6 Kd5 64. Nf2 Be1 65. Nh1 Ke4 $1 66. Kxg6 Kf3 67. Kxh5 Kg2 68. g4 {[%cal Bg3g4,Bg4g5,Bg5g6][%mdl 32]} Kh3 69. g5 {Threatens to win with g6.} Bxh4 70. g6 {White wants to mate with g7.} Bf6 71. Nf2+ Kg2 72. Ne4 Bg7 (72... Ba1 {looks sharper.} 73. Kh6 Kh3 74. Kh7 Kh4 75. Kg8 Kg4) 73. Kg4 Bh8 74. Nd6 Kh2 75. Ne8 Kg2 76. Kg5 Kf3 77. Kh6 Kg4 78. Ng7 Kf4 79. Kh7 Kg5 80. Ne6+ Kf5 81. Nf8 Bf6 82. Kg8 Be7 {Precision: White = 55%, Black = 54%.} 1/2-1/2